=LDR 00000nam 2200000 4500 =001 INLIS000000000020959 =005 20130612115849 =008 ***********************************Ind** =035 ##$$0010-061300000020959 =041 ##$$a Ind =082 ##$$a 372.83 =090 ##$$a 372.83, Dam i =100 ##$$a Damiri =245 ##$$a Ilmu pengetahuan sosial unruk SD pendidikan dasar 9 tahun, Damiri =260 ##$$a 1995 $b Surakarta =300 ##$$a ...jil, ilus, 27 cm =650 ##$$a Pendidikan dasar-IPS =850 ##$$a NBPNMAT